| 000 | 00557nam a2200205Ia 4500 | ||
|---|---|---|---|
| 001 | 64276 | ||
| 008 | 201207n ii |||gr||||Z||||||465 | ||
| 020 | _a978-93-60005-37-9 | ||
| 082 | _a823.08 | ||
| 110 | _aMaple Noida. | ||
| 245 | 0 |
_aGreat short stories of the world _cMaples _hTextual Documents |
|
| 250 | _aReprint--2017. | ||
| 260 |
_aNoida India: _bMaple . |
||
| 300 |
_a883pg: _c23cm. |
||
| 653 | _aEnglish | ||
| 653 | _aGreat short stories of the world | ||
| 653 | _aG-English | ||
| 653 | _aGreat short stories of the world | ||
| 942 |
_2ddc _cBK |
||
| 999 |
_c65376 _d65376 |
||